Normal view MARC view
  • Abdul Aziz Zakaria,

Entry Personal Name

Number of records used in: 1

001 - CONTROL NUMBER

  • control field: 7691

003 - CONTROL NUMBER IDENTIFIER

  • control field: OSt

005 - DATE AND TIME OF LATEST TRANSACTION

  • control field: 20170524121729.0

008 - FIXED-LENGTH DATA ELEMENTS

  • fixed length control field: 170524|| aca||aabn | a|a d

040 ## - CATALOGING SOURCE

  • Original cataloging agency: OSt
  • Transcribing agency: OSt

100 ## - HEADING--PERSONAL NAME

  • Personal name: Abdul Aziz Zakaria,
  • Titles and other words associated with a name: Tan Sri Datuk,
  • Dates associated with a name: 1923-

670 ## - SOURCE DATA FOUND

  • Source citation: Work cat.: (OSt)0: Abdul Aziz Zakaria, Tan Sri Datuk, 1923-, British, Japanese and independent Malaysia :, 1989
Pusat Sumber Maklumat Dato' Haji Sarmin Md Hussin, Akademi Kastam Diraja Malaysia, Melaka
Tel: 06-2331106 | Faks: 06-2313787